45 Pays, 45 Villes d'Europe - Statistiques

Statistiques générales
  • Ce quiz a été pris 18 054 fois
  • Le résultat moyen est 22 sur 45
Statistiques - réponses
Code ISO Ville Pays % Correct
VAT Cité du Vatican Vatican
96%
GBR Cambridge Royaume-Uni
94%
ESP Alicante Espagne
92%
MCO Monaco Monaco
92%
FRA Saint-Nazaire France
87%
MLT La Valette Malte
80%
AUT Salzbourg Autriche
76%
EST Tallinn Estonie
74%
SWE Malmö Suède
72%
IRL Cork Irlande
67%
BEL Louvain Belgique
66%
CHE Lucerne Suisse
63%
DEU Mayence Allemagne
60%
HRV Dubrovnik Croatie
60%
LIE Vaduz Liechtenstein
60%
MKD Skopje Macédoine du Nord
59%
NLD Utrecht Pays-Bas
59%
POL Poznań Pologne
55%
MNE Podgorica Monténégro
54%
UKR Lviv Ukraine
54%
XXK Pristina Kosovo
53%
ITA Syracuse Italie
51%
LUX Esch-sur-Alzette Luxembourg
50%
PRT Coimbra Portugal
45%
RUS Krasnodar Russie
43%
ISL Vestmannaeyjar Islande
41%
CZE Brno Tchéquie
40%
NOR Lillehammer Norvège
34%
GRC Patras Grèce
33%
ROU Timișoara Roumanie
33%
MDA Tiraspol Moldavie
30%
SVK Košice Slovaquie
30%
DNK Odense Danemark
29%
FIN Tampere Finlande
29%
SVN Maribor Slovénie
28%
ALB Durrës Albanie
27%
HUN Debrecen Hongrie
27%
SRB Novi Sad Serbie
27%
AND Encamp Andorre
26%
BGR Varna Bulgarie
25%
BIH Mostar Bosnie-Herzégovine
24%
LVA Daugavpils Lettonie
24%
LTU Klaipéda Lituanie
21%
BLR Homiel Biélorussie
19%
SMR Serravalle Saint-Marin
17%
Aucun quiz correspondant
Distribution des résultats
% des personnes avec chaque résultat
Percentile par nombre de réponses
Votre historique - résultats
Vous n’avez pas pris ce quiz